| 000 | 00521cam a2200229ua 4500 | ||
|---|---|---|---|
| 020 | _c2.00 | ||
| 041 |
_amal _h |
||
| 082 |
_a633.74 _bPOT/CO |
||
| 100 | _aPotti, V S . | ||
| 245 |
_aCocoa / _cV S Potti. _hTextual Documents |
||
| 250 |
_a1 / _b. |
||
| 260 |
_aThrissur : _bKerala Agricultural University. |
||
| 300 | _a25 ; . | ||
| 365 | _a2.00 | ||
| 504 | _a | ||
| 942 | _cBK | ||
| 999 |
_c10865 _d10865 |
||